[Event "CZE-chT1E 2223"]
[Site "Czech Republic"]
[Date "2022.11.27"]
[Round "4.2"]
[White "Nezval, Filip1"]
[Black "Mrva, Marek"]
[Result "0-1"]
[WhiteElo "2083"]
[BlackElo "2124"]
[PlyCount "82"]
[EventDate "2022.10.08"]
[EventType "team-tourn"]
[EventRounds "11"]
[EventCountry "CZE"]
[SourceTitle "CBM 213 Extra"]
[Source "ChessBase"]
[SourceDate "2023.05.31"]
[SourceVersion "1"]
[SourceVersionDate "2023.05.31"]
[SourceQuality "1"]
[WhiteTeam "Brno Duras"]
[BlackTeam "Ostrava"]
[WhiteTeamCountry "CZE"]
[BlackTeamCountry "CZE"]

1. Nf3 c5 2. c4 Nc6 3. Nc3 e5 4. e3 Nf6 5. d4 cxd4 6. exd4 e4 7. Ne5 Bb4 8. Be2 Qa5 9. Nxc6 dxc6 10. Bd2 0-0 11. a3 Bxc3 12. Bxc3 Qg5 13. Qd2 Qxd2+ 14. Kxd2 Re8 15. Ke3 Ng4+ 16. Bxg4 Bxg4 17. d5 Rad8 18. h3 Bd7 19. a4 cxd5 20. cxd5 a6 21. Rhd1 f5 22. Rd4 b5 23. a5 Kf7 24. Rg1 g5 25. g3 Bc8 26. Bb4 Bb7 27. Rc1 Rd7 28. d6 Ke6 29. Rdd1 Rf8 30. Kd4 f4 31. g4 e3 32. Re1 Bg2 33. Rg1 Bxh3 34. f3 h5 35. Rc2 hxg4 36. Rh2 gxf3 37. Rxh3 f2 38. Rf1 Kf5 39. Kd3 Kg4 40. Rh6 Kf3 41. Bc5 g4 0-1

[Event "CZE-chT1E 1920"]
[Site "Czech Republic"]
[Date "2020.02.02"]
[Round "7.1"]
[White "Mrva, Marek"]
[Black "Nosek, Jan"]
[Result "0-1"]
[WhiteElo "2151"]
[BlackElo "1943"]
[PlyCount "42"]
[EventDate "2019.10.20"]
[EventType "team-tourn"]
[EventRounds "11"]
[EventCountry "CZE"]
[SourceTitle "CBM 194 Extra"]
[Source "ChessBase"]
[SourceDate "2020.03.31"]
[SourceVersion "1"]
[SourceVersionDate "2020.03.31"]
[SourceQuality "1"]
[WhiteTeam "Ostrava"]
[BlackTeam "Rychnov nad Kneznou"]
[WhiteTeamCountry "CZE"]
[BlackTeamCountry "CZE"]

1. e4 c5 2. Nf3 d6 3. Nc3 Nc6 4. d4 cxd4 5. Nxd4 Nf6 6. Bg5 e6 7. Qd2 a6 8. 0-0-0 Bd7 9. f4 b5 10. Bxb5 axb5 11. Ndxb5 Nb4 12. Nxd6+ Bxd6 13. Qxd6 Nxa2+ 14. Nxa2 Rxa2 15. Kb1 Qa8 16. c3 Ra1+ 17. Kc2 Ba4+ 18. Kd3 Qxe4+ 19. Kd2 Rxd1+ 20. Rxd1 Qc2+ 21. Ke3 Ng4+ 0-1

[Event "CZE-chT1E 1718"]
[Site "Czech Republic"]
[Date "2018.03.25"]
[Round "10.5"]
[White "Wiewiora, Eneasz"]
[Black "Mrva, Marek"]
[Result "1/2-1/2"]
[WhiteElo "2311"]
[BlackElo "2223"]
[PlyCount "94"]
[EventDate "2017.10.22"]
[EventType "team-tourn"]
[EventRounds "11"]
[EventCountry "CZE"]
[SourceTitle "EXT 2019"]
[Source "ChessBase"]
[SourceDate "2018.10.10"]
[SourceVersion "1"]
[SourceVersionDate "2018.10.10"]
[SourceQuality "1"]
[WhiteTeam "Cesky Tesin"]
[BlackTeam "Ostrava"]
[WhiteTeamCountry "CZE"]
[BlackTeamCountry "CZE"]

1. e4 c5 2. c3 d5 3. exd5 Qxd5 4. d4 Nf6 5. Nf3 Bg4 6. Be2 e6 7. h3 Bh5 8. Na3 Nc6 9. 0-0 Be7 10. Nc2 0-0 11. Be3 cxd4 12. Ncxd4 Rfd8 13. Nxc6 Qxc6 14. Nd4 Qd5 15. Bxh5 Nxh5 16. Qb3 Nf6 17. Rfd1 Qxb3 18. Nxb3 Nd5 19. Bd4 f6 20. c4 Nb4 21. Bc5 Kf7 22. Rxd8 Rxd8 23. Bxa7 Nd3 24. Bd4 e5 25. Bc3 Rc8 26. Nd2 f5 27. f3 Rc6 28. Kf1 Rg6 29. b3 Bc5 30. a3 Nf4 31. b4 Bd4 32. Bxd4 exd4 33. Nb3 Rxg2 34. Rd1 Rg3 35. Nxd4 Rxh3 36. Kf2 Kf6 37. Ne2 Rh2+ 38. Kg3 Rxe2 39. Kxf4 g5+ 40. Kg3 f4+ 41. Kh3 Re3 42. Kg2 h5 43. Rd6+ Kf5 44. Rd5+ Re5 45. Rxe5+ Kxe5 46. c5 g4 47. a4 Kd5 1/2-1/2

[Event "CZE-chT1E 1617"]
[Site "Czech Republic"]
[Date "2017.01.08"]
[Round "5.4"]
[White "Karlik, Vladimir"]
[Black "Mrva, Marek"]
[Result "1/2-1/2"]
[WhiteElo "2222"]
[BlackElo "2220"]
[PlyCount "43"]
[EventDate "2016.10.16"]
[EventType "team-tourn"]
[EventRounds "11"]
[EventCountry "CZE"]
[SourceTitle "CBM 177 Extra"]
[Source "ChessBase"]
[SourceDate "2017.04.27"]
[SourceVersion "1"]
[SourceVersionDate "2017.04.27"]
[SourceQuality "1"]
[WhiteTeam "Kromeriz"]
[BlackTeam "Ostrava"]
[WhiteTeamCountry "CZE"]
[BlackTeamCountry "CZE"]

1. d4 Nf6 2. Nf3 g6 3. Bg5 Bg7 4. c3 c5 5. e3 0-0 6. Nbd2 cxd4 7. exd4 d5 8. Bd3 Nc6 9. 0-0 a6 10. a4 Qd6 11. Re1 Bf5 12. Bxf5 gxf5 13. Ne5 Ne4 14. Bf4 Nxe5 15. Bxe5 Bxe5 16. dxe5 Qb6 17. Re2 Kh8 18. Nf3 Rad8 19. Nd4 Qg6 20. f3 Ng5 21. Kh1 Rg8 22. Qd2 1/2-1/2

[Event "Oravska Priehrada op"]
[Site "Oravska Priehrada"]
[Date "2016.08.29"]
[Round "6"]
[White "Ambrozi, Peter"]
[Black "Mrva, Marek"]
[Result "1/2-1/2"]
[WhiteElo "2096"]
[BlackElo "1751"]
[PlyCount "67"]
[EventDate "2016.08.26"]
[EventType "swiss"]
[EventRounds "7"]
[EventCountry "SVK"]
[SourceTitle "CBM 174 Extra"]
[Source "ChessBase"]
[SourceDate "2016.10.10"]
[SourceVersion "1"]
[SourceVersionDate "2016.10.10"]
[SourceQuality "1"]

1. Nf3 Nf6 2. d4 e6 3. g3 d5 4. Bg2 Be7 5. 0-0 0-0 6. c4 c6 7. b3 Nbd7 8. Bb2 b6 9. Nbd2 Bb7 10. Re1 Rc8 11. cxd5 cxd5 12. Rc1 Rxc1 13. Qxc1 Qc8 14. Nb1 Bb4 15. Qxc8 Rxc8 16. Rc1 Rxc1+ 17. Bxc1 Ba6 18. Kf1 Ne4 19. Bb2 Ndf6 20. Ne5 Bb7 21. f3 Nd2+ 22. Nxd2 Bxd2 23. Kf2 Bb4 24. e3 Kf8 25. Bf1 a6 26. g4 Ke8 27. h4 Nd7 28. Nd3 Bd6 29. f4 Nf6 30. g5 Ne4+ 31. Ke1 Ng3 32. Kf2 Nxf1 33. Kxf1 Ke7 34. Bc3 1/2-1/2

[Event "Oravska Priehrada op"]
[Site "Oravska Priehrada"]
[Date "2016.08.27"]
[Round "2"]
[White "Mrva, Marek"]
[Black "Stevlik, Richard"]
[Result "1-0"]
[WhiteElo "1751"]
[BlackElo "1506"]
[PlyCount "69"]
[EventDate "2016.08.26"]
[EventType "swiss"]
[EventRounds "7"]
[EventCountry "SVK"]
[SourceTitle "CBM 174 Extra"]
[Source "ChessBase"]
[SourceDate "2016.10.10"]
[SourceVersion "1"]
[SourceVersionDate "2016.10.10"]
[SourceQuality "1"]

1. e4 e5 2. Nf3 d6 3. d4 exd4 4. Nxd4 h6 5. Nc3 Nf6 6. Bc4 Nbd7 7. 0-0 a6 8. Re1 Ne5 9. Bf1 Bg4 10. f3 Bh5 11. Nf5 Qd7 12. a4 g5 13. Nd5 Nxd5 14. Qxd5 0-0-0 15. b4 Bxf3 16. gxf3 Nxf3+ 17. Kf2 Nxe1 18. Kxe1 Qe6 19. Bc4 Qxd5 20. Bxd5 c6 21. Bxf7 d5 22. Bd2 dxe4 23. b5 Rh7 24. Be6+ Kb8 25. Rb1 Re8 26. Bc4 Re5 27. Ne3 cxb5 28. axb5 axb5 29. Bxb5 Bc5 30. Ke2 Rc7 31. Ba4 Re6 32. Rf1 Ree7 33. Nd5 e3 34. Be1 b5 35. Bb3 1-0

[Event "SVK-ch U18/20"]
[Site "Liptovsky Mikulas"]
[Date "2016.04.20"]
[Round "6"]
[White "Panko, Radoslav"]
[Black "Mrva, Marek"]
[Result "1-0"]
[WhiteElo "1936"]
[BlackElo "1734"]
[PlyCount "93"]
[EventDate "2016.04.16"]
[EventType "swiss"]
[EventRounds "9"]
[EventCountry "SVK"]
[SourceTitle "CBM 172 Extra"]
[Source "ChessBase"]
[SourceDate "2016.06.21"]
[SourceVersion "1"]
[SourceVersionDate "2016.06.21"]
[SourceQuality "1"]

1. d4 Nf6 2. Bg5 Ne4 3. h4 h6 4. Bf4 d5 5. f3 Nf6 6. Nc3 e6 7. e3 Bb4 8. h5 c5 9. a3 Bxc3+ 10. bxc3 Qa5 11. Qd2 Nc6 12. Bd6 cxd4 13. cxd4 Qxd2+ 14. Kxd2 Bd7 15. Bd3 a6 16. a4 Rc8 17. Ne2 Na5 18. g4 Nc4+ 19. Bxc4 Rxc4 20. Rhb1 Bc6 21. a5 Kd7 22. Bc5 Ne8 23. Nc1 Kc7 24. Nd3 Ra4 25. Rxa4 Bxa4 26. Rb6 Nf6 27. Bd6+ Kc8 28. Nc5 Bc6 29. Be5 Rf8 30. Bxf6 gxf6 31. Nxa6 f5 32. gxf5 exf5 33. Nb4 Kc7 34. Nxc6 bxc6 35. Rb1 Ra8 36. Rg1 Kd7 37. Rg7 Ke6 38. Rh7 Rxa5 39. Rxh6+ f6 40. Rh7 Ra8 41. f4 Rf8 42. h6 Kd6 43. Rg7 Rh8 44. h7 c5 45. dxc5+ Kxc5 46. Kd3 Kd6 47. Kd4 1-0